000 00359nam a22001457a 4500
003 SGT
020 _a9788131229996
082 _a617.645
_bP14B
100 _aBAINS, VIVEK
245 _aPeriodontics: Exam Preparatory Manual for Undergraduates
260 _aNEW DELHI
_bElsevier;
_c2014
300 _a1-468
650 _aPERIODONTOLOGY
942 _2ddc
_cBK
_04
999 _c20175
_d20175